• 首页
  • 本馆介绍
  • 公告通知
  • 最新文献
  • 馆藏检索
  • 电子资源
  • 读者荐购
  • 参考咨询
  • CALIS
  • 我的图书馆
  • 登录
  • 详细信息显示
  • 放入我的书架
  • 预约/预借图书
  • 作者相关作品
  • 分类相关作品
  • 丛书相关作品
  • 出版社相关作品

书目信息

  • 表格格式
  • 工作单格式
  • 卡片格式
题名:
荣欣家居设计
    
 
作者: 陈国宏 主编
分册: 1  
出版信息: 上海   上海科学技术出版社  2001.11
页数: 179页
开本: 29cm
丛书名:
单 册:
中图分类: TU241-64
科图分类:
主题词: 住宅--zhu zhai--室内装饰--图集
电子资源:
ISBN: 7-5323-6361-9
 
 
 
 
 
000 00766nam0 2200229 45
001 012007192678
005 20070927091955.50
010    @a7-5323-6361-9@b精装@dCNY98.00
100    @a20070723d2001 km y0chiy0120 ea
101 0  @achi
102    @aCN@b310000
105    @aa z 000yy
200 1  @a荣欣家居设计@Arong xin jia ju she ji@h1
210    @a上海@c上海科学技术出版社@d2001.11
215    @a179页@c图@d29cm
314    @a知识责任者取自书中。
330    @a本书分“清新家居 惬意生活”、“简洁顺畅 高雅别致”、“豪华装修 典雅气度”、“素色环境 淡然心境”等栏目,介绍了现代人们眼光中的室内装饰。
606 0  @a住宅@Azhu zhai@x室内装饰@j图集
690    @aTU241-64@v4
701  0 @a陈国宏@Achen guo hong@4主编
801  0 @aCN@c20070927
905    @dTU241-64@eC422:1
    
    荣欣家居设计.1.-上海:上海科学技术出版社,2001.11
    179页:图;29cm
    
    
    ISBN 7-5323-6361-9(精装):CNY98.00
    本书分“清新家居 惬意生活”、“简洁顺畅 高雅别致”、“豪华装修 典雅气度”、“素色环境 淡然心境”等栏目,介绍了现代人们眼光中的室内装饰。
●
相关链接 在E读中查询图书 在当当中查询图书 在豆瓣中查询图书


正题名:荣欣家居设计     索取号:TU241-64/C422:1         预约/预借

序号 登录号 条形码 馆藏地/架位号 状态 备注
1 246504   202465046   建筑库101/101建筑库 60排5列2层/ [索取号:TU241-64/C422:1] 在馆    
河南城建学院图书馆 欢迎您!
大连网信软件有限公司© 版权所有